Studi e ricerche intorno alla definizione dominium est ius utendi et abutendi re sua quatenus iuris ratio patitur :con una nota di lettura de Luigi Capogrossi Colonesi

Sparad:
Bibliografiska uppgifter
Huvudupphovsman: Piccinelli, Ferdinando (Författare, medförfattare)
Materialtyp: Bok
Språk:italienska
Publicerad: Nápoles Jovene 1980
Serie:Antiqua, 4
Ämnen:
Taggar: Lägg till en tagg
Inga taggar, Lägg till första taggen!

MARC

LEADER 00000nam a2200000 a 4500
001 UCV2357
003 CL-VaPUC
008 920610e19800000IT |||||||||||||||||ita|d
082 0 4 |a 340.54  |b PIC  |2 21 
100 0 |a Piccinelli, Ferdinando  |e author  |9 296616 
245 1 0 |a Studi e ricerche intorno alla definizione dominium est ius utendi et abutendi re sua quatenus iuris ratio patitur :con una nota di lettura de Luigi Capogrossi Colonesi 
300 |a 123 p 
942 |c BK 
945 |d 19920610 00:00:00 
260 |a Nápoles  |b Jovene  |c 1980 
650 0 |a Derecho romano  |9 255930 
583 |a last modification  |c 19920610 00:00:00  |k Rodrigo Vera 
490 0 |a Antiqua, 4 
999 |c 209964  |d 209962 
952 |0 0  |1 0  |4 0  |6 340_540000000000000_PIC_1980  |7 0  |8 DER_HIS  |9 185869  |a BIBDER  |b BIBDER  |d 2019-11-14  |i 2533316  |o 340.54 PIC 1980  |p 2533316  |r 2023-01-25  |w 2019-11-14  |x Ubicación 4to Piso  |y BK  |z Estos recursos deben solicitarse con anticipación  |k DER